| Tag |
First Indicator |
Second Indicator |
Subfields |
| LEADER |
00000cam a2200000Ia 4500 |
| 001 |
in00002338921 |
| 005 |
20151108051328.0 |
| 008 |
060627s2005 txua b s000 0 eng d |
| 035 |
|
|
|a (OCoLC)ocm70193107
|
| 040 |
|
|
|a IKM
|c IKM
|d TXA
|d UtOrBLW
|
| 043 |
|
|
|a n-us-tx
|
| 049 |
|
|
|a TXAM
|
| 086 |
|
|
|a Z TA265.7 B873 NO.6158
|2 txdocs
|
| 100 |
1 |
|
|a Persyn, Russell A.
|
| 245 |
1 |
0 |
|a Stormwater management /
|c Russell A. Persyn, Molly Griffin, Amy T. Williams.
|
| 264 |
|
1 |
|a [College Station, Tex.] :
|b Texas Cooperative Extension, Texas A & M University System,
|c [2005]
|
| 300 |
|
|
|a 13 pages :
|b color illustrations ;
|c 28 cm.
|
| 336 |
|
|
|a text
|b txt
|2 rdacontent
|
| 337 |
|
|
|a unmediated
|b n
|2 rdamedia
|
| 338 |
|
|
|a volume
|b nc
|2 rdacarrier
|
| 490 |
0 |
|
|a B ;
|v -6158
|
| 500 |
|
|
|a "B-6158 02/05."
|
| 504 |
|
|
|a Includes bibliographical references (pages 11-12).
|
| 650 |
|
0 |
|a Stormwater infiltration
|z Texas
|x Management.
|
| 650 |
|
0 |
|a Runoff
|z Texas
|x Management.
|
| 700 |
1 |
|
|a Griffin, Molly.
|
| 700 |
1 |
|
|a Williams, Amy T.
|
| 710 |
2 |
|
|a Texas Cooperative Extension.
|
| 948 |
|
|
|a cataloged
|b h
|c 2007/11/07
|e pkellar
|f 3:58:48 pm
|
| 994 |
|
|
|a C0
|b TXA
|
| 999 |
|
|
|a MARS
|
| 999 |
f |
f |
|s 7ac111a6-6a11-3290-82ce-888a6b44b16a
|i ebd81553-ad83-3b37-9d88-c54e8ba4a4dc
|t 0
|
| 952 |
f |
f |
|p normal
|a Texas A&M University
|b College Station
|c Sterling C. Evans Library
|d Evans: Texas Documents (Annex 5th floor)
|t 0
|e Z TA265.7 B873 NO.6158
|h Superintendent of Documents classification
|i unmediated -- volume
|m A14836436210
|
| 998 |
f |
f |
|a Z TA265.7 B873 NO.6158
|t 0
|l Evans: Texas Documents (Annex 5th floor)
|